Please Please Please - Sabrina Carpenter (All Lyrics) - Statistics

General Stats
  • This quiz has been taken 808 times
  • The average score is 224 of 269
Answer Stats
Lyrics % Correct
I
99%
a
97%
Please,
97%
please,
97%
please
97%
(Please
97%
(Please)
97%
Please
97%
(Please),
97%
do
96%
don't
96%
Don't
96%
an
95%
me
95%
me,
95%
you,
95%
you
95%
so
94%
just
93%
make
93%
my
93%
when
91%
and
90%
And
90%
be
90%
I'm
90%
is
90%
nice
90%
nice,
90%
right
90%
right?)
90%
right)
90%
to
90%
did
89%
'em
89%
go
89%
know
89%
makeup
89%
prove
89%
one
88%
tears
88%
have
87%
it
87%
bring
86%
motherfucker,
86%
the
86%
another
85%
another)
85%
good
85%
thing,
85%
thing
85%
thing),
85%
beg
84%
ego's
84%
(Ego's
84%
Heartbreak
84%
(Heartbreak
84%
in
84%
It's
84%
it's
84%
(It's
84%
that
84%
your
83%
taste
82%
But
81%
but
81%
embarrass
81%
fun
81%
you're
79%
feel
76%
funny
76%
like
76%
way
76%
ironic
75%
oh
75%
no
74%
act
73%
inside
73%
only
73%
we
73%
guy
72%
actor,
71%
babe
71%
everyone
71%
if
71%
If
71%
them
71%
culture
70%
stand-up
70%
tell
70%
idea,
69%
baby
68%
out
68%
stay
68%
fan
67%
let
67%
of
67%
their
67%
ceiling
66%
fresh
66%
some
66%
air,
65%
eyes
65%
tonight
65%
heard
64%
maybe
64%
All
63%
asking,
63%
could
63%
front
63%
really
63%
really,
63%
stupid
63%
with
63%
wanna
62%
cravin'
61%
devil's
61%
happily
61%
makes
61%
Yeah,
61%
(Ah)
60%
different
60%
kidding,
60%
live
60%
mistakes
60%
promise
60%
rolls
60%
hate
59%
him
59%
knows
59%
Whatever
59%
cry
57%
judgment,
56%
music
54%
prolifically
37%
Well,
33%
(Uh
27%
huh),
19%
(Kinda),
17%
No matching quizzes found
Score Distribution
Percent of People with Each Score
Percentile by Number Answered
Your Score History
You have not taken this quiz